What impact will new minimum EPC requirements have (Record no. 121409)
[ view plain ]
| 000 -LEADER | |
|---|---|
| fixed length control field | 00904nas a22002297a 4500 |
| 007 - PHYSICAL DESCRIPTION FIXED FIELD--GENERAL INFORMATION | |
| fixed length control field | ta |
| 008 - FIXED-LENGTH DATA ELEMENTS--GENERAL INFORMATION | |
| fixed length control field | 230328s2023 xxk|||||o|||| 00| a eng d |
| 041 ## - LANGUAGE CODE | |
| Language code of text/sound track or separate title | eng |
| 245 ## - TITLE STATEMENT | |
| Title | What impact will new minimum EPC requirements have |
| 260 ## - PUBLICATION INFORMATION | |
| Date | 3 March 2023 |
| 490 ## - SERIES TITLE | |
| Series statement | RICS Property Journal |
| Volume | 3 March 2023 |
| 510 ## - CITATION/REFERENCES NOTE | |
| Name of source | RICS Property Journal |
| 520 ## - ABSTRACT | |
| Abstract | With a minimum energy performance certificate rating of E required to let commercial property from April this year, what do landlords need to know to ensure they comply |
| 650 ## - KEYWORDS | |
| Keywords | COMMERCIAL PROPERTY |
| 650 ## - KEYWORDS | |
| Keywords | ENERGY PERFORMANCE |
| 650 ## - KEYWORDS | |
| Keywords | LANDLORD AND TENANT |
| 651 ## - SUBJECT ADDED ENTRY--GEOGRAPHIC NAME | |
| Geographic name | United Kingdom |
| 690 ## - LOCAL SUBJECT ADDED ENTRY--TOPICAL TERM (OCLC, RLIN) | |
| 9 (RLIN) | 6227 |
| Topical term or geographic name as entry element | Commercial property |
| 700 ## - ADDED PERSONAL NAME | |
| Added personal author | Finniear, Alison |
| 700 ## - ADDED PERSONAL NAME | |
| Added personal author | Duncan, Rachel |
| 856 ## - ONLINE RESOURCE | |
| Uniform Resource Identifier | https://ww3.rics.org/uk/en/journals/property-journal/epc-requirements-commercial-property.html |
| Public note | Available free on RICS journals |
| Withdrawn status | Lost status | Damaged status | Not for loan | Home library | Current library | Shelving location | Date acquired | Total Checkouts | Date last seen | Price effective from | Koha item type |
|---|---|---|---|---|---|---|---|---|---|---|---|
| Virtual | Virtual | Online | 28/03/2023 | 28/03/2023 | 28/03/2023 | Journal article |